00615 2200217 4500001002100000005001700021008004100038035002400079040001200103041000800115082001700123084001500140090001900155245008800174260002800262300003800290650002100328700001800349850001200367990001800379INLIS00000000002943320170719144302.0  0010-071700000000603 aYOPDYOG0 aind042[23]a959.83 a959.83 Keb aBTR 959.83 Keb1 aKebudayaan Dayakb: Aktualisasi dan Transformasic/ editor, Paulus Florus...[et.al] aJakartabGrasindoc1994 axiii, 278 hlm.b: ilus.c; 21 cm. 4aKebudayaan Dayak0 aPaulus Florus aYOPDYOG a55269-PD/A.17